Monitoring of Insects with Public Participation. Layman’s Report (Record no. 18142)
[ view plain ]
| 000 -LEADER | |
|---|---|
| fixed length control field | 00492nam a2200121Ia 4500 |
| 008 - FIXED-LENGTH DATA ELEMENTS--GENERAL INFORMATION | |
| fixed length control field | 220615s9999||||xx |||||||||||||| ||und|| |
| 100 ## - MAIN ENTRY--PERSONAL NAME | |
| Personal name | Paolo A. Audisio||Marco Bologna||Franco Mason||Pio Federico Roversi||Giuseppe Maria Carpaneto |
| 245 #0 - TITLE STATEMENT | |
| Title | Monitoring of Insects with Public Participation. Layman’s Report |
| 546 ## - LANGUAGE NOTE | |
| Language note | English[eng] |
| 650 ## - SUBJECT ADDED ENTRY--TOPICAL TERM | |
| Topical term or geographic name entry element | biodiversity||test methods||monitoring of insect||public participation |
| 856 ## - ELECTRONIC LOCATION AND ACCESS | |
| Uniform Resource Identifier | <a href="https://ab.pensoft.net/book/22169/">https://ab.pensoft.net/book/22169/</a> |
| 942 ## - ADDED ENTRY ELEMENTS (KOHA) | |
| Koha item type | E-Books |
| Withdrawn status | Lost status | Damaged status | Not for loan | Home library | Current library | Date acquired | Total Checkouts | Date last seen | Price effective from | Koha item type |
|---|---|---|---|---|---|---|---|---|---|---|
| Kerala University of Digital Sciences, Innovation and Technology Knowledge Centre | Kerala University of Digital Sciences, Innovation and Technology Knowledge Centre | 15/06/2022 | 15/06/2022 | 15/06/2022 | E-Books |